|
|
|
|
| LEADER |
02001nam a2200517 a 4500 |
| 001 |
nkc20081791227 |
| 003 |
CZ PrNK |
| 005 |
20080516093734.0 |
| 007 |
ta |
| 008 |
080212s2007 xr a e p 000 0 cze |
| 015 |
|
|
|a cnb001791227
|
| 020 |
|
|
|a 978-80-7372-286-9
|q (brož.)
|
| 035 |
|
|
|a (OCoLC)236556406
|
| 040 |
|
|
|a OLA001
|b cze
|d ABA001
|
| 041 |
0 |
|
|a cze
|a slo
|b eng
|
| 072 |
|
7 |
|a 613.7
|x Zdraví a hygiena volného času, rekreace a spánku
|2 Konspekt
|9 20
|
| 072 |
|
7 |
|a 37.016
|x Učební osnovy. Vyučovací předměty. Učebnice
|2 Konspekt
|9 22
|
| 080 |
|
|
|a 613.71/.73
|2 MRF
|
| 080 |
|
|
|a 616
|2 MRF
|
| 080 |
|
|
|a 796.012.21
|2 MRF
|
| 080 |
|
|
|a (075.8)
|2 MRF
|
| 080 |
|
|
|a (062.552)
|2 MRF
|
| 245 |
0 |
0 |
|a Pohybová aktivita a zdraví /
|c kolektiv autorů ; [editor Petr Jeřábek]
|
| 250 |
|
|
|a Vyd. 1.
|
| 260 |
|
|
|a Liberec :
|b Technická univerzita v Liberci,
|c 2007
|
| 300 |
|
|
|a 113 s. :
|b il. ;
|c 21 cm
|
| 500 |
|
|
|a Nad názvem: Technická univerzita v Liberci, Fakulta pedagogická, katedra tělesné výchovy
|
| 500 |
|
|
|a Na rubu tit. s. uvedeni jako autoři Aleš Suchomel ... [et al.]
|
| 504 |
|
|
|a Obsahuje bibliografie
|
| 546 |
|
|
|a Část. slovenský text, anglické resumé
|
| 650 |
0 |
7 |
|a pohybová aktivita
|7 ph124199
|x zdravotní aspekty
|2 czenas
|
| 650 |
0 |
7 |
|a tělesná kondice
|7 ph126834
|2 czenas
|
| 650 |
0 |
9 |
|a movement activity
|x health aspects
|2 eczenas
|
| 650 |
0 |
9 |
|a physical fitness
|2 eczenas
|
| 655 |
|
7 |
|a učebnice vysokých škol
|7 fd133772
|2 czenas
|
| 655 |
|
7 |
|a sborníky
|7 fd724344
|2 czenas
|
| 655 |
|
9 |
|a textbooks (higher)
|2 eczenas
|
| 655 |
|
9 |
|a papers
|2 eczenas
|
| 700 |
1 |
|
|a Suchomel, Aleš,
|d 1966-
|7 mzk2005269715
|4 aut
|
| 710 |
2 |
|
|a Technická univerzita v Liberci.
|b Katedra tělesné výchovy
|7 kn20030305011
|
| 910 |
2 |
|
|a BOA001
|b 2-1200.232
|
| 928 |
9 |
|
|a Technická univerzita v Liberci
|
| 990 |
|
|
|a BK
|
| 995 |
|
|
|a 01
|
| 991 |
|
|
|b 200803
|c NOV
|
| 996 |
6 |
|
|b 2610335338
|c 2-1200.232
|l MZK
|r Sklad / do 1 hodiny
|n 17
|p p.v.
|w 000885892
|u 000010
|a 1
|e BOA001
|j MZK50
|s P
|